| 000 | 00876nmm a2200289 a 4500 | ||
|---|---|---|---|
| 001 | ocm000955373 | ||
| 003 | TR-IsHL | ||
| 005 | 20201028150509.0 | ||
| 008 | 150110s2014 tu tur | ||
| 007 | cr cn | ||
| 020 | _a9781531077587 | ||
| 035 |
_a955373 _b(N$T) |
||
| 050 | 0 | 4 |
_aB751.Z7 _bİ26 2014 |
| 090 | 0 | 4 |
_aB751.Z7 _bİ26 2014 |
| 100 | 1 | _aİbn-i Sina | |
| 245 | 1 | 0 |
_aAvicenna: İbn-i Sina'nın şifa kitabı _h[electronic resource] / _cİbn-i Sina |
| 260 |
_aİstanbul : _bE-Kitap Projesi, _c2014 |
||
| 300 | _a287 p. | ||
| 650 | 4 | _aTıp | |
| 650 | 4 | _aMedicine | |
| 650 | 0 | _aİbn Sina, 980-1037 | |
| 650 | 0 | _aAvicenna, 980-1037 | |
| 650 | 0 | _aTıp, Arap | |
| 650 | 0 | _aMedicine, Arab | |
| 650 | 7 |
_aBIOGRAPHY & AUTOBIOGRAPHY / Medical _2bisacsh |
|
| 856 | 4 | 0 | _uhttp://search.ebscohost.com/login.aspx?direct=true&scope=site&db=e011xww&AN=955373 |
| 999 |
_c10505 _d10505 |
||